| 000 | nam a22 a 4500 | ||
|---|---|---|---|
| 999 |
_c127046 _d127046 |
||
| 003 | BLK | ||
| 005 | 20220819145853.0 | ||
| 008 | 180409b bul|||||r ||||||| ||bul|| | ||
| 040 | _aBLK | ||
| 041 |
_aBUL _cBUL |
||
| 080 |
_aВодни транспортни средства. Морски транспортни средства. Плавателни съдове. Кораби. Корабостроене _b629.5 _x(075.3) _z629.5(075.3) |
||
| 100 | 1 |
_aБинев, Димитър В. _eпърви автор _9320465 |
|
| 139 |
_aБинев, Димитър В. _bБ 44 |
||
| 245 | 1 | 0 |
_aТехнология на кораборемонта _bУчебник за техникумите по корабостроене, корабоплаване и морски и океански риболов по спец. корабни машини и механизми _cДимитър В. Бинев. |
| 257 | _aBGR | ||
| 260 |
_aСофия _bТехника _c1974 |
||
| 300 |
_a195 с. _bс ил. _c22 см |
||
| 380 | _a62 | ||
| 500 | _a1 066 тир. | ||
| 650 | 4 |
_aКорабни машини - ремонт - технология _9246524 |
|
| 650 | 4 |
_aКорабни машини - учебници за средни училища _9320466 |
|
| 653 | _aкораборемонти | ||
| 653 | _aкорабно оборудване | ||
| 653 | _aучебници за средни училища | ||
| 852 |
_aЦб 72069 _bМА |
||
| 856 | 4 | _qpdf | |
| 856 | 4 | _qpdf | |
| 942 |
_cKNG _n0 _s1 |
||
| 944 |
_aCR _c09.08.2012 _l09.08.2012 - от С1,Р / 09.08.2012 _kСевдалина_Василева |
||
| 944 |
_aED _c09.08.2012 _l09.08.2012 - от С1,Р / 09.08.2012 |
||
| 999 | _d127046 | ||
| 999 | _d127046 | ||